000 02400cac a22003611u 4500
008 090113s2005|nju|r 0|r 001 001 0 eng
010 _a 2003069027
020 _a0131273078
035 _a(OCoLC)ocm53926690
082 0 0 _a658.1511
_bHOR
100 _aHorngren, Charles T.,
_917547
245 1 0 _aIntroduction to Management Accounting /
_cCharles T. Horngren, Gary L. Sundem, William O. Stratton.
250 _a14th ed.
260 _aUpper Saddle River, N.J. :
_bPearson Prentice Hall,
_cc2005.
300 _axix, 824, [22] p. :
_bcol. ill. ;
_c29 cm.
440 0 _917548
490 _912379
_aCharles T. Horngren series in accounting
500 _ainclude index
504 _aIncludes bibliographical references and index.
650 0 _aManagerial accounting.
_917549
700 1 _aSundem, Gary L.
_917550
700 1 _aStratton, William O.
_917551
942 _cBB
_k658.1511 HOR
_2ddc
999 _c4129
_d4129